|
|
|
|
| LEADER |
00000nam0a2200000 4500 |
| 001 |
144545 |
| 005 |
20231031143732.0 |
| 010 |
|
|
|a 9785947745580
|
| 035 |
|
|
|a (RuTPU)RU\TPU\book\156642
|
| 090 |
|
|
|a 144545
|
| 100 |
|
|
|a 20081006d2008 m y0rusy50 ca
|
| 101 |
0 |
|
|a rus
|
| 102 |
|
|
|a RU
|
| 105 |
|
|
|a y j 001zy
|
| 200 |
1 |
|
|a Теория управления регулярными системами
|e учебное пособие
|f Г. Н. Яковенко
|
| 210 |
|
|
|a Москва
|c БИНОМ. Лаборатория знаний
|d 2008
|
| 215 |
|
|
|a 264 с.
|
| 225 |
1 |
|
|a Математика
|
| 320 |
|
|
|a Библиогр.: с. 252-260.
|
| 320 |
|
|
|a Предметный указатель: с. 261-262.
|
| 330 |
|
|
|a Книга посвящена применению теории групп к исследованию различных вопросов теории управления. В частности, изучен вопрос о количестве первых интегралов у конкретной системы с управлением и способах их вычисления. Подробно обсуждены группы симметрии управляемых систем и связанные с симметриями способы декомпозиций. С теоретико-групповых позиций рассмотрена инвариантность управляемых систем относительно внешних возмущений. Для студентов, аспирантов и преподавателей университетов, физико-технических и инженерно-физических вузов. Книга будет также полезна научным и инженерно-техническим работникам, желающим углубить свои знания в теории управления.
|
| 610 |
1 |
|
|a математика
|
| 610 |
1 |
|
|a управление
|
| 610 |
1 |
|
|a регулярные системы
|
| 610 |
1 |
|
|a локальные группы Ли
|
| 610 |
1 |
|
|a внешние возмущения
|
| 610 |
1 |
|
|a инвариантность
|
| 610 |
1 |
|
|a симметрии
|
| 610 |
1 |
|
|a задачи
|
| 610 |
1 |
|
|a группы
|
| 610 |
1 |
|
|a теория
|
| 675 |
|
|
|a 517.977(075.8)
|v 3
|
| 700 |
|
1 |
|a Яковенко
|b Г. Н.
|g Геннадий Николаевич
|
| 801 |
|
1 |
|a RU
|b 63413507
|c 20081006
|g PSBO
|
| 801 |
|
2 |
|a RU
|b 63413507
|c 20150507
|g PSBO
|
| 900 |
|
|
|a Теория управления
|
| 942 |
|
|
|c BK
|
| 951 |
|
|
|b 010600
|
| 959 |
|
|
|a 87/20081006
|d 1
|e 198,00
|f ЧЗТЛ:1
|
| 959 |
|
|
|a 4/20090113
|d 1
|e 0
|f АНЛ:1
|